The lights that failed : European international history, 1919-1933 /

In 'The Lights that Failed', Steiner challenges the assumption that the Treaty of Versailles led to the opening of a second European war and provides an analysis of the attempts to reconstruct Europe during the 1920s.

Bibliographic Details
Main Author: Steiner, Zara
Format: eBook
Language:English
Published: Oxford ; New York : Oxford University Press, 2005.
Series:Oxford history of modern Europe.
Subjects:
Online Access:Connect to the full text of this electronic book

MARC

Tag First Indicator Second Indicator Subfields
LEADER 00000cam a2200000 a 4500
001 in00005701821
005 20260318172425.3
006 m o d
007 cr cnu---unuuu
008 070319s2005 enkb ob 001 0 eng d
040 |a N$T  |b eng  |e pn  |c N$T  |d YDXCP  |d OCLCQ  |d N$T  |d OCLCQ  |d QE2  |d E7B  |d MT4IT  |d UV0  |d CEF  |d CUD  |d IDEBK  |d OCLCQ  |d CN5CF  |d DKDLA  |d OTZ  |d OCLCQ  |d OCLCF  |d OCLCO  |d OCLCQ  |d NLGGC  |d OCLCQ  |d MERUC  |d EBLCP  |d OCLCQ  |d OCL  |d OCLCQ  |d OCL  |d AZK  |d COO  |d LOA  |d STBDS  |d COCUF  |d CNNOR  |d MOR  |d PIFAG  |d FIE  |d ZCU  |d OCLCQ  |d CSAIL  |d OCLCO  |d WY@  |d U3W  |d OCL  |d LUE  |d STF  |d BRL  |d WRM  |d NRAMU  |d ICG  |d VT2  |d OCLCQ  |d OCLCO  |d AU@  |d LHU  |d FVL  |d WYU  |d UWO  |d YOU  |d A6Q  |d G3B  |d DKC  |d ERL  |d OCLCQ  |d CNTRU  |d UHL  |d MVS  |d SFB  |d UKCRE  |d BOL  |d K6U  |d OCLCO  |d OCLCQ  |d OCL  |d OCLCQ  |d OCLCO  |d OCLCL  |d OCLCQ  |d OCLCL  |d CLOUD  |d OCLCQ  |d OCLCO  |d OCLCL 
015 |a GBA537772  |2 bnb 
016 7 |z 013102653  |2 Uk 
019 |a 252638181  |a 437109256  |a 455973102  |a 476259306  |a 646790313  |a 693008832  |a 697514748  |a 755659434  |a 761263947  |a 770768585  |a 888952409  |a 961489792  |a 962570200  |a 966262213  |a 988409232  |a 992071566  |a 992080241  |a 994744459  |a 1035660759  |a 1037463383  |a 1037904355  |a 1038643298  |a 1044201312  |a 1044348779  |a 1045485973  |a 1055320640  |a 1056356283  |a 1056392347  |a 1059119616  |a 1059560270  |a 1060831018  |a 1066544693  |a 1074286584  |a 1079887750  |a 1081234289  |a 1091646597  |a 1097115167  |a 1113043661  |a 1114467285  |a 1125867953  |a 1153450035  |a 1228605337  |a 1286907806 
020 |a 9780191518812  |q (electronic bk.) 
020 |a 0191518816  |q (electronic bk.) 
020 |a 9780198221142 
020 |a 0198221142 
020 |a 9781429459860 
020 |a 1429459867 
020 |a 9786610759286 
020 |a 6610759286 
020 |z 0198221142  |q (Cloth) 
035 |a (OCoLC)86068902  |z (OCoLC)252638181  |z (OCoLC)437109256  |z (OCoLC)455973102  |z (OCoLC)476259306  |z (OCoLC)646790313  |z (OCoLC)693008832  |z (OCoLC)697514748  |z (OCoLC)755659434  |z (OCoLC)761263947  |z (OCoLC)770768585  |z (OCoLC)888952409  |z (OCoLC)961489792  |z (OCoLC)962570200  |z (OCoLC)966262213  |z (OCoLC)988409232  |z (OCoLC)992071566  |z (OCoLC)992080241  |z (OCoLC)994744459  |z (OCoLC)1035660759  |z (OCoLC)1037463383  |z (OCoLC)1037904355  |z (OCoLC)1038643298  |z (OCoLC)1044201312  |z (OCoLC)1044348779  |z (OCoLC)1045485973  |z (OCoLC)1055320640  |z (OCoLC)1056356283  |z (OCoLC)1056392347  |z (OCoLC)1059119616  |z (OCoLC)1059560270  |z (OCoLC)1060831018  |z (OCoLC)1066544693  |z (OCoLC)1074286584  |z (OCoLC)1079887750  |z (OCoLC)1081234289  |z (OCoLC)1091646597  |z (OCoLC)1097115167  |z (OCoLC)1113043661  |z (OCoLC)1114467285  |z (OCoLC)1125867953  |z (OCoLC)1153450035  |z (OCoLC)1228605337  |z (OCoLC)1286907806 
037 |a 422748  |b Proquest Ebook Central 
043 |a e------ 
050 4 |a D720  |b .S74 2005eb 
055 1 3 |a D720  |b .S74 2005eb 
072 7 |a HIS  |x 010020  |2 bisacsh 
082 0 4 |a 940.5  |2 22 
049 |a TXAM 
100 1 |a Steiner, Zara.  |1 https://id.oclc.org/worldcat/entity/E39PBJxmKQcbT6JkPptMxt7bVC 
245 1 4 |a The lights that failed :  |b European international history, 1919-1933 /  |c Zara Steiner. 
260 |a Oxford ;  |a New York :  |b Oxford University Press,  |c 2005. 
300 |a 1 online resource (xv, 938 pages) :  |b maps 
336 |a text  |b txt  |2 rdacontent 
337 |a computer  |b c  |2 rdamedia 
338 |a online resource  |b cr  |2 rdacarrier 
347 |a text file  |2 rdaft  |0 http://rdaregistry.info/termList/fileType/1002 
490 1 |a Oxford history of modern Europe 
504 |a Includes bibliographical references (pages 852-865) and index. 
505 0 |a The reconstruction of Europe, 1918-1929. The hall of mirrors : peacemaking in the West -- Distant frontiers : peacemaking in the East -- The missing party : The Soviet Union and the post-war settlements -- The primacy of economics : reconstruction in Western Europe, 1919-1924 -- The primacy of nationalism : reconstruction in Eastern and Central Europe -- Revolution from the right : Italy, 1919-1925 -- The Geneva dream : The League of Nations and post-war internationalism -- New dawn? : stabilization in Western Europe after Locarno -- Faltering reconstruction : cracks in the Locaro façade -- Troubled waters : uncertainties in Italy, Eastern Europe, and the Soviet Union -- Faltering internationalism : disarmament and security after Locarno -- Europe reconstructed? -- The hinge years, 1929-1933. The diplomacy of the Depression: the triumph of economic nationalism -- The Manchurian crisis : the european powers and the Far East -- The poisoned chalice : the pursuit of disarmament. 
588 0 |a Print version record. 
520 8 |a In 'The Lights that Failed', Steiner challenges the assumption that the Treaty of Versailles led to the opening of a second European war and provides an analysis of the attempts to reconstruct Europe during the 1920s. 
651 0 |a Europe  |x History  |y 1918-1945. 
651 0 |a Europe  |x Politics and government  |y 1918-1945. 
650 0 |a Reconstruction (1914-1939) 
651 6 |a Europe  |x Histoire  |y 1918-1945. 
651 6 |a Europe  |x Politique et gouvernement  |y 1918-1945. 
650 6 |a Reconstruction, 1914-1939. 
650 7 |a HISTORY.  |2 bisacsh 
650 7 |a Reconstruction (1914-1939)  |2 fast 
650 7 |a Politics and government  |2 fast 
651 7 |a Europe  |2 fast  |1 https://id.oclc.org/worldcat/entity/E39PBJxCxPbbk4CPJDQJb4r6rq 
650 1 7 |a Internationale orde.  |2 gtt 
650 1 7 |a Diplomatieke betrekkingen.  |2 gtt 
648 7 |a 1918-1945  |2 fast 
655 7 |a Electronic books.  |2 local 
655 7 |a History  |2 fast 
758 |i has work:  |a The lights that failed (Text)  |1 https://id.oclc.org/worldcat/entity/E39PCFVrJ9BMbrGc4fTBTG9wwd  |4 https://id.oclc.org/worldcat/ontology/hasWork 
776 0 8 |i Print version:  |a Steiner, Zara S.  |t Lights that failed.  |d Oxford ; New York : Oxford University Press, 2005  |z 0198221142  |z 9780198221142  |w (DLC) 2005298878  |w (OCoLC)58853793 
830 0 |a Oxford history of modern Europe. 
856 4 0 |u http://proxy.library.tamu.edu/login?url=https://academic.oup.com/book/26275  |z Connect to the full text of this electronic book  |t 0 
955 |a Oxford Scholarship Online 
994 |a 92  |b TXA 
999 f f |i 0e0c0ae2-ffe9-4df3-81ea-9d895d82b9cd  |s ed1dae5b-e247-4c91-9c81-6e364d0c71f8  |t 0 
952 f f |a Texas A&M University  |b College Station  |c Electronic Resources  |s www_evans  |d Available Online  |t 0  |e D720 .S74 2005eb  |h Library of Congress classification 
998 f f |a D720 .S74 2005eb  |t 0  |l Available Online